Online Catalogue and eLibrary

Migrant women domestic workers : (Record no. 2610)

MARC details
000 -LEADER
fixed length control field 00446nam a2200157Ia 4500
005 - DATE AND TIME OF LATEST TRANSACTION
control field 20240404075302.0
008 - FIXED-LENGTH DATA ELEMENTS--GENERAL INFORMATION
fixed length control field 240331s9999 xx 000 0 und d
020 ## - INTERNATIONAL STANDARD BOOK NUMBER
ISBN 9558610003
082 ## - DDC Classification
Item Number - Author Mark WAN
Class No. 331
100 ## - MAIN ENTRY--PERSONAL NAME
Personal name Wanasundera, L
245 #0 - TITLE STATEMENT
Title Migrant women domestic workers :
Remainder of title Cyprus, Greece and Italy
Statement of responsibility, etc. Leelangi, Wanasundera.
260 ## - PUBLICATION, DISTRIBUTION, ETC.
Place of publication, distribution, etc. Colombo :
Name of publisher, distributor, etc. Center for Women's Research /.
Date of publication, distribution, etc. 2001
300 ## - PHYSICAL DESCRIPTION
Extent (e.g. Volumes, Pages etc.) 232 p .,
650 ## - SUBJECT ADDED ENTRY--TOPICAL TERM
Topical term or geographic name entry element Women
942 ## - Koha item type (Biblio)
Koha item type Books in Stacks (Lending)
Holdings
Lost status Damaged status Collection code Home library Current library Shelving location Date acquired Full call number Accession Number Item type
    Lending WERC Library WERC Library Social Science Cupboard 03/31/2024 31.127 WAN 4678 Books in Stacks (Lending)

© WERC Library